Practiagenda seguridad social 2013

Detalles Bibliográficos
Autor principal: Přez Chavez, Jos ̌
Formato: eBook
Lenguaje:español
Publicado: Mx̌ico D.F. : Tax Editores, 2013
Materias:
Acceso en línea:http://www.vlex.com/source/7410

MARC

LEADER 00000nam a22000007a 4500
005 20130308113159.0
007 cr|||| ||||
008 130308e2013 mx |||||s|||| 00||0 spa d
020 |a 978-607-440-467-8 
035 |a 7410 
040 |a vLex 
090 |c 3870  |d 3870 
100 1 0 |a Přez Chavez, Jos ̌  
245 1 0 |a Practiagenda seguridad social 2013  |c / Jos ̌Přez Chavez, Raymundo Fol Olguin   |h [Recurso electrn̤ico]  
256 |a Servicio en ln̕ea 
260 |a Mx̌ico D.F. :   |b Tax Editores,   |c 2013 
300 |a 1 Recurso electrn̤ico 
506 |d vLex Global  |d vLex Global (Academic Edition, excluding Law Schools)  |d vLex Global (U.S. Academic Edition, Law Schools)  |d vLex Global (U.S. Academic Edition, excluding Law Schools)  |d vLex Global (Academic Edition, Law Schools) 
650 0 4 |a Derecho laboral y Seguridad Social  |z Mx̌ico 
740 |a vLex Libros (Servicio en ln̕ea) 
856 |a Acceso restringido  |u http://www.vlex.com/source/7410 
942 |c BOOK 
999 0 |a Labor law and legislation